Find the Missing Food and Drinks in TV Shows Quiz Stats

Quiz Updated May 30, 2018

Challenge
Share
Tweet
Score 0/12 Timer 03:00
41 Plays Today
% Correct
CHIP 'n Dale Rescue Rangers
94.3%
Bob's BURGERS
93.9%
Here Comes HONEY Boo Boo
93.8%
The Real Housewives
of ORANGE County
90.4%
Eye CANDY
88.2%
The Mr. POTATO Head Show
86.3%
CAKE Boss
86.1%
Two Guys, a Girl
and a PIZZA Place
85.5%
Attack of the Killer TOMATOES
84.1%
Comedians in Cars
Getting COFFEE
77.7%
Mr. BEAN
75.4%
MANHATTAN Love Story
73.3%

You're not logged in!

Compare scores with friends on all Sporcle quizzes.
Join for Free
OR
Log In

You Might Also Like...

Show Comments

Extras

Top Quizzes Today


Score Distribution

Your Account Isn't Verified!

In order to create a playlist on Sporcle, you need to verify the email address you used during registration. Go to your Sporcle Settings to finish the process.

Report this User

Report this user for behavior that violates our Community Guidelines.

Details: